Państwa z największą liczbą osób bezdomnych 1/2 - Statystyki

Ogólne statystyki
  • Ten quiz został rozwiązany 58 razy
  • Średni wynik to 13 z 25
Statystyki odpowiedzi
Liczba Kraj % Poprawnych
2,579,000 Chiny
91%
1,770,000 Indie
89%
12,000,000 Egipt
72%
3,000,000 Indonezja
68%
24,400,000 Nigeria
68%
20,000,000 Pakistan
67%
5,332,000 Demokratyczna Republika Konga
65%
2,693,000 Etiopia
61%
2,730,000 Sudan
60%
1,224,000 Irak
58%
5,000,000 Bangladesz
56%
4,664,000 Afganistan
54%
2,968,000 Somalia
53%
6,568,000 Syria
53%
1,542,000 Sudan Południowy
51%
3,858,000 Jemen
47%
4,500,000 Filipiny
42%
769,000 Mozambik
42%
734,240 Ukraina
35%
1,200,000 Zimbabwe
35%
4,943,000 Kolumbia
33%
1,033,000 Kamerun
30%
700,000 Burkina Faso
19%
735,000 Azerbejdżan
7%
1,000,000 Honduras
4%
Nie znaleziono quizów pasujących do podanych kryteriów
Rozkład punktacji
Procent ludzi z każdym wynikiem
Percentyl według liczby udzielonych odpowiedzi
Twoja historia wyników
Nie rozwiązałeś tego quizu